| 000 | 01083nam a2200289 i 4500 | ||
|---|---|---|---|
| 005 | 20260514120606.0 | ||
| 008 | 260514s2025 my a jr 000 1 eng d | ||
| 020 |
_a9786057441232 _cRM45.00 _qpaperback |
||
| 040 |
_aPPAK _beng _cPPAK _erda |
||
| 082 | 0 | 4 |
_223 _a823.92 |
| 090 | 0 | 0 |
_a823.92 _bOZL _dK |
| 100 | 1 |
_aÖzlü, Mahmut, _eauthor. |
|
| 245 | 1 | 4 |
_aTHE NEW WORLD : _bWASTELAND / _cWritten by Mahmut Özlü ; Illustrated by Zeynep Yıldız ; Editor Sheelah Ziajka, Neil Jervis |
| 250 | _a1st Co-Edition / Malaysia - 2025 | ||
| 264 | 1 |
_aIstanbul, Tukeye : _bGaga Publishing, _c2025 |
|
| 300 |
_a120 pages : _bcolour illustrations ; _c21 cm |
||
| 336 |
_atext _2rdacontent |
||
| 337 |
_aunmediated _2rdamedia |
||
| 338 |
_avolume _2rdacarrier |
||
| 500 | _aIncludes grammar teaching, vocabulary activities, grammar & vocabulary quizzes. | ||
| 650 | 1 | 0 | _aChildren's stories, English |
| 650 | 2 | 0 | _aEnglish fiction |
| 700 | 1 |
_aYıldız, Zeynep, _eillustrator. |
|
| 700 | 1 |
_aZiajka, Sheelah, _eeditor. |
|
| 700 | 1 |
_aJervis, Neil, _eeditor. |
|
| 942 |
_2ddc _cB |
||
| 999 |
_c204274 _d204274 |
||